[Event "QA-ANNIV-07"]
[Site "http://www.queenalice.com/game.php?id=950670"]
[Date "2011.6.16"]
[Round "1"]
[White "PedroBritto"]
[Black "flicker"]
[Result "0-1"]
[WhiteElo "1571"]
[BlackElo "1985"]

1. e4 e5 2. Nf3 Nc6 3. d4 exd4 4. Nxd4 Nxd4 5. Qxd4 c6 6. Qe5+ Ne7 7. Bg5 d6 8.
Qf4 h6 9. Bxe7 Bxe7 10. e5 O-O 11. Bc4 dxe5 12. Qe4 Qd6 13. Bd3 Qb4+ 14. Qxb4
Bxb4+ 15. c3 Be7 16. O-O Rd8 17. Be4 Be6 18. b3 Bd5 19. Nd2 Rd6 20. Rae1 Bg5 21.
Nf3 Bf6 22. Bf5 Bxf3 23. gxf3 g6 24. Bh3 Rd3 25. Re3 Rad8 26. Bc8 Rxe3 27. fxe3
Rxc8 28. Rd1 Rd8 29. Re1 e4 30. f4 Bxc3 31. Rc1 Rd3 32. Kf2 Bd2 33. Rc4 f5 34.
Rc5 Bxe3+ 0-1

[Event "QA-ANNIV-07"]
[Site "http://www.queenalice.com/game.php?id=992158"]
[Date "2011.10.1"]
[Round "2"]
[White "abh"]
[Black "flicker"]
[Result "1/2-1/2"]
[WhiteElo "2006"]
[BlackElo "2027"]

1. d4 Nf6 2. c4 e6 3. Nc3 Bb4 4. Bd2 Bxc3 5. Bxc3 d5 6. e3 O-O 7. Bd3 Nc6 8. Qc2
b6 9. Nf3 g6 10. O-O a5 11. a3 Bb7 12. Nh4 Ne7 13. Rfe1 dxc4 14. Bxc4 Be4 15.
Qe2 Qd6 16. f3 Bd5 17. g3 Qc6 18. Bb5 Qb7 19. e4 Bc6 20. Bxc6 Qxc6 21. d5 exd5
22. Bxf6 Qxf6 23. e5 Qe6 24. f4 h6 25. Nf3 c5 26. a4 d4 27. Nd2 f5 28. exf6 Qxe2
29. Rxe2 Nd5 30. Re5 Rad8 31. Rae1 Rxf6 32. Nc4 Kf7 33. Kf2 d3 34. Kf3 Rd7 35.
R5e4 Kg7 36. Ne5 Re7 37. Nxd3 Rxe4 38. Rxe4 Rd6 39. Ne5 Nf6 40. Re2 Nd7 41. Ke4
Nxe5 42. fxe5 Rd4+ 43. Kf3 Kf7 44. b3 Ke6 45. Re3 g5 46. g4 Rd2 47. h3 Rd4 48.
Kg3 Rb4 49. h4 c4 50. bxc4 Rxc4 51. hxg5 hxg5 52. Rb3 Rc5 53. Rxb6+ Kxe5 54. Kf3
Rc3+ 55. Kf2 Kf4 56. Rb5 Rc2+ 57. Kf1 Kxg4 58. Rxa5 Kh4 59. Ra8 g4 60. a5 g3 61.
Rh8+ Kg4 62. Rg8+ Kf3 63. Rf8+ Kg4 64. a6 g2+ 65. Kg1 Ra2 66. Rg8+ Kh3 67. Rh8+
1/2-1/2

[Event "AUTO-MASTER-1561"]
[Site "http://www.queenalice.com/game.php?id=1019652"]
[Date "2012.1.29"]
[Round "1"]
[White "Chris93"]
[Black "flicker"]
[Result "1/2-1/2"]
[WhiteElo "2066"]
[BlackElo "2074"]

1. e4 c5 2. c3 e6 3. d4 d5 4. exd5 exd5 5. Nf3 Nc6 6. Bb5 Bd7 7. Qe2+ Qe7 8. O-O
Qxe2 9. Bxe2 c4 10. b3 cxb3 11. axb3 Nge7 12. Bf4 Ng6 13. Bg3 Be7 14. Re1 O-O
15. Bd3 f5 16. Ne5 Ncxe5 17. Bxe5 Rfe8 18. Nd2 a6 19. h3 Be6 20. Nf3 Rac8 21.
Rac1 Rc6 22. Rc2 Rec8 23. Rec1 Ba3 24. Ra1 Rxc3 25. Rxc3 Rxc3 26. Bxa6 bxa6 27.
Rxa3 Bc8 28. Ra5 Bb7 29. Rc5 Rxc5 30. dxc5 Nxe5 31. Nxe5 Kf8 32. f4 Ke7 33. b4
g6 34. g3 Ke6 35. Kf2 d4 36. c6 Ba8 37. Ke2 1/2-1/2

[Event "AUTO-MASTER-1561"]
[Site "http://www.queenalice.com/game.php?id=1019653"]
[Date "2012.1.29"]
[Round "1"]
[White "flicker"]
[Black "Chris93"]
[Result "1/2-1/2"]
[WhiteElo "2069"]
[BlackElo "2019"]

1. e4 d5 2. exd5 Nf6 3. d4 Nxd5 4. c4 Nb6 5. Nf3 Bf5 6. Bf4 e6 7. Nc3 Nc6 8. c5
Nd5 9. Nxd5 Qxd5 10. a3 Be7 11. Be2 O-O-O 12. Be3 Bf6 13. Qa4 a6 14. Rd1 Be4 15.
O-O h5 16. Rd2 h4 17. h3 g5 18. Ne1 Bxg2 19. Nxg2 Bxd4 20. Rfd1 e5 21. Bg4+ Kb8
22. b4 Rhg8 23. b5 axb5 24. Qxb5 Na7 25. Qb4 Nc6 26. Qb5 Na7 27. Qb4 Nc6 28. Qb5
1/2-1/2

[Event "AUTO-MASTER-1561"]
[Site "http://www.queenalice.com/game.php?id=1019664"]
[Date "2012.1.29"]
[Round "1"]
[White "favazza2007"]
[Black "flicker"]
[Result "0-1"]
[WhiteElo "1835"]
[BlackElo "2067"]

1. e4 c5 2. Nf3 d6 3. Nc3 Nc6 4. Bb5 Bd7 5. Bxc6 Bxc6 6. d4 cxd4 7. Nxd4 e5 8.
Nxc6 bxc6 9. O-O h6 10. Be3 Nf6 11. f3 Be7 12. Qe2 O-O 13. b4 d5 14. exd5 cxd5
15. Bc5 Bxc5+ 16. bxc5 Qc7 17. Rfd1 Qxc5+ 18. Kf1 Qxc3 19. Qd3 Qxd3+ 20. Rxd3
Rfc8 21. c3 Rc4 22. Ke2 Rac8 23. Rc1 e4 24. fxe4 Nxe4 25. Rf3 Rxc3 26. Rfxc3
Rxc3 27. Rd1 Rc2+ 28. Kf3 Rf2+ 29. Ke3 Rxa2 30. Rxd5 Nf6 31. Rd8+ Kh7 32. Kf3 a5
33. Rf8 Kg6 34. h3 a4 35. Rb8 Nh5 36. g4 Ra3+ 37. Kg2 Nf4+ 38. Kh2 Rxh3+ 39. Kg1
Rg3+ 40. Kf2 Rxg4 41. Rb6+ Ne6 42. Ra6 h5 43. Rd6 h4 44. Rd3 Kg5 45. Rd5+ f5 0-1

[Event "AUTO-MASTER-1561"]
[Site "http://www.queenalice.com/game.php?id=1019665"]
[Date "2012.1.29"]
[Round "1"]
[White "flicker"]
[Black "favazza2007"]
[Result "1-0"]
[WhiteElo "2074"]
[BlackElo "1857"]

1. e4 d5 2. exd5 Qxd5 3. Nc3 Qd8 4. d4 Nf6 5. Nf3 Bg4 6. h3 Bh5 7. g4 Bg6 8. Ne5
e6 9. Bg2 c6 10. h4 h6 11. Nxg6 fxg6 12. a3 Bd6 13. g5 hxg5 14. Bxg5 Be7 15. Qd3
Nbd7 16. Qxg6+ Kf8 17. O-O-O Qe8 18. Qxe8+ Rxe8 19. Bh3 Kf7 20. Rde1 Bd8 21. Re3
Nf8 22. Rg1 Rh7 23. Rge1 Rh5 24. Rf3 Kg8 25. Rfe3 Kf7 26. Rf3 Kg6 27. Rg1 Kf7
28. Ne4 Be7 29. Bxf6 gxf6 30. Ng5+ Rxg5 31. hxg5 f5 32. Rfg3 Ng6 33. Bf1 b6 34.
Re3 c5 35. Bc4 Bd6 36. Rd3 Bf4+ 37. Kb1 cxd4 38. Rxd4 Be5 39. Rd7+ Re7 40. Rxe7+
Kxe7 41. Re1 Kd6 42. c3 Nf8 43. f4 Bxf4 44. g6 Bh6 45. Rg1 Bg7 46. Kc2 Ke5 47.
Be2 Kf6 48. Bh5 e5 49. c4 Ne6 50. Rd1 Nd4+ 51. Kd3 Ne6 52. Ke3 Bh6+ 53. Kf2 Bf8
54. Rd7 Ng7 55. Rf7+ Kg5 56. Rxf8 Kxh5 57. Rf7 Kxg6 58. Rxa7 Ne6 59. Ra6 Kg5 60.
Rxb6 Nd4 61. c5 Kf4 62. c6 Ne6 63. Rb7 Nd8 64. Rb4+ e4 65. c7 Nc6 66. c8=Q Nxb4
67. axb4 1-0

[Event "AUTO-MASTER-1561"]
[Site "http://www.queenalice.com/game.php?id=1019672"]
[Date "2012.1.29"]
[Round "1"]
[White "flicker"]
[Black "VladimirSpirin"]
[Result "1-0"]
[WhiteElo "2049"]
[BlackElo "2141"]

1. e4 b6 2. d4 Bb7 3. Bd3 g6 4. Nf3 Bg7 5. Bf4 d6 6. c3 e6 7. O-O h6 8. Qe2 a6
9. Nbd2 Ne7 10. Rfe1 Nd7 11. h4 e5 12. Bg3 Nc6 13. d5 Ne7 14. Nh2 Nc5 15. Bc2
O-O 16. b4 Nd7 17. Qe3 h5 18. Ndf3 f6 19. Nf1 Kh7 20. N3h2 Rf7 21. f4 exf4 22.
Bxf4 Ng8 23. Qg3 Ne5 24. Ne3 a5 25. b5 Bc8 26. Rf1 Qe7 27. Rf2 1-0

[Event "AUTO-MASTER-1561"]
[Site "http://www.queenalice.com/game.php?id=1019673"]
[Date "2012.1.29"]
[Round "1"]
[White "VladimirSpirin"]
[Black "flicker"]
[Result "0-1"]
[WhiteElo "2141"]
[BlackElo "2026"]

1. b3 e5 2. Bb2 Nc6 3. g3 d5 4. Bg2 Nf6 5. e3 Be6 6. d3 Bd6 7. Ne2 O-O 8. h3 Qd7
9. Nd2 b5 10. a3 Qe7 11. g4 h6 12. Ng3 b4 13. axb4 Nxb4 14. O-O c5 15. e4 d4 16.
Nf5 Qd7 17. Nxd6 Qxd6 18. Nf3 g5 19. Qd2 Nh7 20. Ra5 Nc6 21. Ra4 Rfb8 22. Rfa1
Rb7 23. Qc1 f6 24. Nd2 Nb4 25. Nc4 Bxc4 26. dxc4 Nf8 27. Bf1 Ne6 0-1

[Event "AUTO-MASTER-1561"]
[Site "http://www.queenalice.com/game.php?id=1147964"]
[Date "2013.2.1"]
[Round "2"]
[White "PasoDoble"]
[Black "flicker"]
[Result "1-0"]
[WhiteElo "2421"]
[BlackElo "2120"]

1. e4 e5 2. Nf3 Nc6 3. Bb5 a6 4. Ba4 Nf6 5. O-O b5 6. Bb3 h6 7. Re1 Bb7 8. c3 d6
9. d4 Nd7 10. a4 Rb8 11. axb5 axb5 12. Qe2 Ne7 13. Na3 c6 14. dxe5 dxe5 15. Rd1
Qc7 16. Bxf7+ Kd8 17. Qd3 Bc8 18. Be6 Rb7 19. Qc2 c5 20. Nxb5 Rxb5 21. Ra8 Rb8
22. Rxb8 Qxb8 23. Qa4 1-0

[Event "AUTO-MASTER-1561"]
[Site "http://www.queenalice.com/game.php?id=1147965"]
[Date "2013.2.1"]
[Round "2"]
[White "flicker"]
[Black "PasoDoble"]
[Result "0-1"]
[WhiteElo "2117"]
[BlackElo "2423"]

1. e4 e6 2. d4 d5 3. Nd2 c5 4. Ngf3 Nc6 5. Bb5 a6 6. Bxc6+ bxc6 7. c4 Nf6 8. e5
Nd7 9. Qe2 cxd4 10. cxd5 cxd5 11. Nb3 a5 12. Nfxd4 a4 13. Nd2 Ba6 14. Qe3 Nc5
15. a3 Nd3+ 16. Kd1 Bc5 17. N2f3 Rb8 18. b4 axb3 19. Bd2 b2 20. Rb1 Qd7 21. Bc3
Qa4+ 22. Kd2 O-O 23. Ne1 Nc1 0-1

[Event "Let's Play Chess!"]
[Site "http://www.queenalice.com/game.php?id=1633416"]
[Date "2020.11.19"]
[Round "-"]
[White "igorjava"]
[Black "flicker"]
[Result "0-1"]
[WhiteElo "2026"]
[BlackElo "2117"]

1. e4 e5 2. f4 Nc6 3. Nf3 d6 4. Bc4 exf4 5. d4 Qf6 6. O-O Bg4 7. c3 O-O-O 8. b4
Bd7 9. a4 g5 10. Bb5 Nge7 11. a5 a6 12. Bd3 g4 13. Ne1 f3 14. gxf3 Qg7 15. Kh1
h5 16. fxg4 hxg4 17. Bf4 g3 18. Rg1 Rxh2# 0-1

[Event "AUTO-MASTER-3007"]
[Site "http://www.queenalice.com/game.php?id=1633494"]
[Date "2020.11.19"]
[Round "1"]
[White "Meckerkopp"]
[Black "flicker"]
[Result "1-0"]
[WhiteElo "2076"]
[BlackElo "2106"]

1. e4 c5 2. Nf3 d6 3. h3 Nc6 4. Bb5 Bd7 5. Nc3 e6 6. Bxc6 Bxc6 7. d3 h6 8. O-O
Ne7 9. Ne2 Ng6 10. b3 Qc7 11. Nf4 Nxf4 12. Bxf4 e5 13. Bd2 Be7 14. Be3 Rd8 15.
Nd2 b6 16. Qg4 Bf6 17. a4 a5 18. Rae1 Bd7 19. Qg3 Be6 20. f4 Qe7 21. Qf3 Qc7 22.
f5 Bd7 23. Nb1 Bc6 24. Nc3 Qd7 25. Bf2 Ke7 26. Qh5 Rdg8 27. Bh4 g5 28. fxg6 Rxg6
29. Bxf6+ Rxf6 30. Rxf6 Kxf6 31. Rf1+ Kg7 32. Rf5 Qe7 33. Ne2 Bd7 34. Rf2 Be8
35. Ng3 Qe6 36. Nf5+ Kf8 37. Qh4 Rh7 38. Qd8 f6 39. Qxb6 Rd7 40. Nxh6 Rh7 41.
Nf5 Rd7 42. Qxa5 Rc7 43. Qxc7 1-0

[Event "AUTO-MASTER-3007"]
[Site "http://www.queenalice.com/game.php?id=1633495"]
[Date "2020.11.19"]
[Round "1"]
[White "flicker"]
[Black "Meckerkopp"]
[Result "0-1"]
[WhiteElo "2126"]
[BlackElo "2087"]

1. e4 c5 2. Nc3 e6 3. Nf3 a6 4. a4 d5 5. exd5 exd5 6. d4 c4 7. h3 h6 8. Be2 Nf6
9. O-O Bd6 10. b3 Qc7 11. Rb1 cxb3 12. Rxb3 O-O 13. Bd3 Nc6 14. Rb1 Bb4 15. Ne2
Ba5 16. c3 Ne4 17. Qc2 f5 18. c4 Be6 19. Nf4 Nd8 20. cxd5 Qxc2 21. Bxc2 Bd7 22.
Ne5 Nf6 23. Nfg6 Re8 24. Bb3 Bb6 25. Be3 Ne4 26. Nxd7 Bxd4 27. Bxd4 Nd2 28. Nge5
Nxf1 29. Rxf1 Kh8 30. Re1 Rc8 0-1

[Event "AUTO-MASTER-3007"]
[Site "http://www.queenalice.com/game.php?id=1633510"]
[Date "2020.11.19"]
[Round "1"]
[White "tariann"]
[Black "flicker"]
[Result "1-0"]
[WhiteElo "2277"]
[BlackElo "2113"]

1. e4 e5 2. Nf3 Nc6 3. Bb5 Nge7 4. O-O a6 5. Bxc6 Nxc6 6. Re1 d6 7. c3 Bg4 8. h3
Be6 9. d4 exd4 10. cxd4 Bd7 11. Bg5 f6 12. e5 Be7 13. exf6 gxf6 14. Bxf6 O-O 15.
Bxe7 Nxe7 16. Nc3 h6 17. Qd2 Kg7 18. Qe3 Nf5 19. Qe4 c6 20. Re2 Re8 21. Qg4+ Kh7
22. Rxe8 Qxe8 23. Re1 Qf7 24. Qf4 Qg7 25. Ne4 Qf8 26. g4 d5 27. Nc5 Nd6 28. Qxf8
Rxf8 29. Re7+ Rf7 30. Rxf7+ Nxf7 31. Nxd7 a5 32. Nc5 b6 33. Nd7 b5 34. Nde5 Nd8
35. Nh4 Kg7 36. Nf5+ Kh7 37. Ne7 a4 38. N7xc6 Nxc6 39. Nxc6 Kg7 40. Ne7 1-0

[Event "AUTO-MASTER-3007"]
[Site "http://www.queenalice.com/game.php?id=1633520"]
[Date "2020.11.19"]
[Round "1"]
[White "cerenzo72"]
[Black "flicker"]
[Result "1/2-1/2"]
[WhiteElo "2158"]
[BlackElo "2091"]

1. e4 e5 2. Nf3 d6 3. d4 Nd7 4. Bc4 Be7 5. dxe5 Nxe5 6. Nxe5 dxe5 7. Qh5 g6 8.
Qxe5 Nf6 9. Bg5 O-O 10. O-O Re8 11. Nc3 Ng4 12. Bxe7 Nxe5 13. Bxd8 Rxd8 14. Bb3
b6 15. f4 Nd7 16. Bd5 Rb8 17. Rfe1 Nf6 18. Rad1 Kg7 19. Nb5 a6 20. Nc3 Bg4 21.
Rd3 Kf8 22. h3 Bd7 23. e5 Nxd5 24. Nxd5 Bf5 25. Rdd1 Bxc2 26. Rc1 Rxd5 27. Rxc2
c5 28. g4 Ke7 29. f5 gxf5 30. gxf5 Rg8+ 31. Kh2 Rg5 32. Rf2 f6 33. exf6+ Kxf6
34. Re6+ Kf7 35. Rxb6 Rgxf5 36. Rxf5+ Rxf5 37. Kg3 Rg5+ 38. Kh2 Rg6 39. Rb7+ Kg8
40. Rb3 Kf7 41. Rb7+ Kg8 42. a4 h5 43. b3 h4 44. a5 Rg3 45. Rb6 Kg7 46. Rxa6
Rxb3 47. Rc6 Rb2+ 48. Kg1 Rb5 49. a6 Ra5 50. Rc7+ Kf6 51. a7 Ke6 52. Kf2 Kd5 53.
Ke3 Ra4 54. Kd3 Ra3+ 55. Kc2 Kc4 56. Kb2 Ra4 57. Rd7 Ra5 58. Rh7 Kb5 59. Kc3
Ra3+ 60. Kb2 Ra4 61. Kc3 Ra3+ 62. Kb2 Ra4 63. Kc3 Ra3+ 1/2-1/2

[Event "AUTO-MASTER-3007"]
[Site "http://www.queenalice.com/game.php?id=1633521"]
[Date "2020.11.19"]
[Round "1"]
[White "flicker"]
[Black "cerenzo72"]
[Result "1-0"]
[WhiteElo "2104"]
[BlackElo "2142"]

1. e4 c5 2. Bc4 e6 3. Nc3 Nc6 4. Nf3 a6 5. a4 Nf6 6. O-O Be7 7. e5 Nh5 8. Re1 d6
9. d3 d5 10. Bb3 g6 11. Bh6 Bf8 12. Bxf8 Kxf8 13. Qd2 Ne7 14. g4 Ng7 15. Qh6 b6
16. Ng5 Kg8 17. f4 Qf8 18. Re3 f6 19. exf6 Qxf6 20. Rf3 Qd4+ 21. Kg2 c4 22. dxc4
dxc4 23. Rd1 Qxd1 24. Nxd1 cxb3 25. Rxb3 Nd5 26. c4 Nxf4+ 27. Kg3 e5 28. Rxb6
Bxg4 29. Ne3 Bf5 30. Rb7 Nfh5+ 31. Kh4 Rd8 32. Nd5 Re8 33. Nf6+ Kf8 34. Rf7# 1-0